|
|
|
|
| LEADER |
00000nam a2200000 4500 |
| 001 |
vtls012250646 |
| 003 |
SK-MaSNL |
| 005 |
20260302012310.0 |
| 008 |
240216s2023 xo o g 000 0 slo |
| 015 |
|
|
|a SNBA2024/02
|
| 020 |
|
|
|q (zložený list)
|
| 040 |
|
|
|a SNK
|b slo
|c SNK
|e rda
|
| 041 |
0 |
|
|a slo
|
| 043 |
|
|
|a e-xo---
|
| 044 |
|
|
|a xo
|c SK
|
| 072 |
|
7 |
|a 398
|x Folklór. Ľudové tradície
|2 konspekt
|
| 080 |
|
|
|a 7.071:398
|2 2011
|
| 080 |
|
|
|a 398
|2 2011
|
| 080 |
|
|
|a (437.6)
|2 2011
|
| 080 |
|
|
|a (082.2)
|2 2011
|
| 245 |
0 |
0 |
|a Hôra Rejdová folklórna skupina
|b 70 rokov 1953-2023
|c foto: Pavol Vojtaško
|
| 264 |
|
1 |
|a Rejdová
|b OZ Hôra Rejdová
|c 2023
|
| 300 |
|
|
|a 1 zložený list (6 strán)
|b farebné fotografie
|c 16 x 64 cm, zložené na 16 x 16 cm
|
| 336 |
|
|
|a text
|b txt
|2 rdacontent
|
| 336 |
|
|
|a statický obraz
|b sti
|2 rdacontent
|
| 337 |
|
|
|a bez média
|b n
|2 rdamedia
|
| 338 |
|
|
|a zväzok
|b nc
|2 rdacarrier
|
| 610 |
2 |
7 |
|a Hôra (folklórna skupina)
|2 SNKKA
|9 654015
|
| 648 |
|
7 |
|a 1953-2023
|2 SNKPH
|9 654016
|
| 648 |
|
7 |
|a 20.-21. storočie
|2 SNKPH
|9 302531
|
| 648 |
|
7 |
|a 20th-21st centuries
|2 SNKPHeng
|9 285312
|
| 650 |
0 |
7 |
|a folklórne súbory
|2 SNKPH
|9 28685
|
| 650 |
0 |
7 |
|a folklór
|2 SNKPH
|9 19213
|
| 650 |
0 |
7 |
|a Folklore ensembles
|2 SNKPHeng
|9 322903
|
| 650 |
0 |
7 |
|a Folklore
|2 SNKPHeng
|9 310560
|
| 651 |
|
7 |
|a Rejdová (Slovensko)
|2 SNKPH
|9 58492
|
| 651 |
|
7 |
|a Rejdová (Slovakia)
|2 SNKPHeng
|9 340421
|
| 655 |
|
7 |
|a jubilejné publikácie
|2 SNKPH
|9 70339
|
| 655 |
|
7 |
|a Jubilee books
|2 SNKPHeng
|9 281827
|
| 700 |
1 |
|
|a Vojtaško, Pavol
|4 pht
|9 340428
|
| 852 |
|
|
|a Slovenská národná knižnica
|
| 954 |
|
|
|a iná literatúra (príručky, kuchárske knihy, hobby literatúra, sprievodcovia) pôvodná (slovenská)
|2 lita
|
| 999 |
|
|
|c 1009039
|d 1010969
|
| 952 |
|
|
|a SNK
|b SNK
|y PREZ
|7 0
|p 17A1544556
|o snkOSD 10983
|i snk2024/2734
|8 0
|0 0
|1 0
|4 0
|d 2024-02-16
|l 0
|r 2026-02-24 12:46:53
|w 2026-02-24
|